[Event "St Veit op 41st"]
[Site "St Veit"]
[Date "2022.07.09"]
[Round "1"]
[White "Holzbauer, Johannes"]
[Black "Mitscherling, Andreas"]
[Result "1/2-1/2"]
[WhiteElo "1917"]
[BlackElo "2165"]
[PlyCount "55"]
[EventDate "2022.07.09"]
[EventType "swiss"]
[EventRounds "9"]
[EventCountry "AUT"]
[SourceTitle "CBM 209 Extra"]
[Source "ChessBase"]
[SourceDate "2022.09.30"]
[SourceVersion "1"]
[SourceVersionDate "2022.09.30"]
[SourceQuality "1"]

1. d4 Nf6 2. Bf4 d5 3. c3 e6 4. e3 Bd6 5. Bg3 c5 6. Nd2 Nc6 7. Ngf3 0-0 8. Bd3 b6 9. Ne5 Bb7 10. 0-0 Qc7 11. f4 Ne7 12. Qf3 Nf5 13. Bf2 Be7 14. Ng4 Nxg4 15. Qxg4 Nd6 16. Qh3 Ne4 17. g4 f5 18. Nf3 a5 19. Bxe4 dxe4 20. Ng5 Bxg5 21. fxg5 Ba6 22. Rfe1 Qe7 23. Qh4 Bd3 24. Bg3 fxg4 25. Bf4 cxd4 26. cxd4 Rac8 27. Rac1 e5 28. Rxc8 1/2-1/2

[Event "Hamburg-chT Landesliga 2122"]
[Site "Hamburg"]
[Date "2022.05.07"]
[Round "7.4"]
[White "Ludwig, Jan"]
[Black "Mitscherling, Andreas"]
[Result "1/2-1/2"]
[WhiteElo "2055"]
[BlackElo "2181"]
[PlyCount "135"]
[EventDate "2021.10.31"]
[EventType "team-tourn"]
[EventRounds "9"]
[EventCountry "GER"]
[SourceTitle "EXT 2023"]
[Source "ChessBase"]
[SourceDate "2022.10.05"]
[SourceVersion "1"]
[SourceVersionDate "2022.10.05"]
[SourceQuality "1"]
[WhiteTeam "Weisse Dame"]
[BlackTeam "St Pauli II"]
[WhiteTeamCountry "GER"]
[BlackTeamCountry "GER"]

1. e4 e6 2. d4 d5 3. e5 c5 4. Qg4 Qc7 5. Nf3 f5 6. Qg3 Nc6 7. a3 Nxd4 8. Nxd4 cxd4 9. Bd3 Nh6 10. 0-0 Nf7 11. Re1 g5 12. Bxg5 Rg8 13. Bd8 Qxe5 14. Rxe5 Rxg3 15. hxg3 Nxe5 16. Bf6 Nc6 17. f4 Kf7 18. Bh4 Bh6 19. b4 a6 20. b5 axb5 21. Bxb5 Ra5 22. a4 Bg7 23. Na3 d3 24. Rd1 dxc2 25. Nxc2 Bf8 26. Kf2 Bd7 27. Kf3 Be8 28. g4 fxg4+ 29. Kxg4 Ra8 30. Kf3 h5 31. Bf2 Rc8 32. Ne3 Bg7 33. Nf1 Ne7 34. Bxe8+ Kxe8 35. Ng3 Rc3+ 36. Ke2 h4 37. Nh5 Bh6 38. Bxh4 Ng6 39. Bg3 Rb3 40. f5 exf5 41. Rxd5 f4 42. Rd6 Re3+ 43. Kf1 Re5 44. Rxg6 Rxh5 45. Be1 Kd7 46. Bd2 Rd5 47. Ke1 Rd6 48. Rxd6+ Kxd6 49. Kf2 b5 50. axb5 Kc5 51. Kf3 Kxb5 52. Bxf4 Bf8 53. Ke4 Kc6 54. Kf5 Kd7 55. Kg6 Ke6 56. Bg5 Bd6 57. g4 Bc5 58. Bf6 Be3 59. Bg7 Bd2 60. Bh6 Bc3 61. Kh7 Bf6 62. Kg6 Bd4 63. Bf4 Bf6 64. Bd6 Bd4 65. Bf8 Be3 66. Bh6 Bd4 67. Bg7 Be3 68. g5 1/2-1/2

[Event "Hamburg-chT Landesliga 2122"]
[Site "Hamburg"]
[Date "2022.03.27"]
[Round "6.5"]
[White "Foo, Tzun Hong"]
[Black "Mitscherling, Andreas"]
[Result "1/2-1/2"]
[WhiteElo "1874"]
[BlackElo "2181"]
[PlyCount "119"]
[EventDate "2021.10.31"]
[EventType "team-tourn"]
[EventRounds "9"]
[EventCountry "GER"]
[SourceTitle "EXT 2023"]
[Source "ChessBase"]
[SourceDate "2022.10.05"]
[SourceVersion "1"]
[SourceVersionDate "2022.10.05"]
[SourceQuality "1"]
[WhiteTeam "Hamburger SK VI"]
[BlackTeam "St Pauli II"]
[WhiteTeamCountry "GER"]
[BlackTeamCountry "GER"]

1. e4 e6 2. d4 d5 3. exd5 exd5 4. c4 Nf6 5. Nc3 Be7 6. Bd3 0-0 7. Nge2 c5 8. 0-0 dxc4 9. Bxc4 Nc6 10. d5 Ne5 11. Bb3 c4 12. Bc2 a6 13. Bf4 Bd6 14. Qd4 Qc7 15. a4 b6 16. Rad1 Bd7 17. Ng3 Rfe8 18. Nge4 Nxe4 19. Nxe4 Nf3+ 20. gxf3 Bxf4 21. d6 Qd8 22. Ng3 Qh4 23. Bf5 Bxf5 24. Qxg7+ Kxg7 25. Nxf5+ Kf6 26. Nxh4 Rad8 27. d7 Re7 28. Rd4 Be5 29. Rxc4 Rexd7 30. b4 Rd4 31. Rfc1 Rd1+ 32. Rxd1 Rxd1+ 33. Kg2 Rd4 34. Rc6+ Kg5 35. f4+ Kxf4 36. Rxb6 a5 37. bxa5 Rxa4 38. Rb7 f6 39. Rxh7 Rxa5 40. Nf3 Ra8 41. Nxe5 Kxe5 42. Rg7 Rh8 43. Kg3 Kf5 44. h4 Rh6 45. Rg8 Rh7 46. Ra8 Rc7 47. Ra5+ Kg6 48. h5+ Kh6 49. f4 Rc1 50. Kg4 Rc6 51. Ra7 Rc5 52. Rf7 Rxh5 53. Rxf6+ Kg7 54. Ra6 Rb5 55. f5 Rb1 56. Kg5 Rg1+ 57. Kf4 Rf1+ 58. Ke5 Re1+ 59. Kd5 Kf7 60. Ra7+ 1/2-1/2

[Event "BL2-Nord 1920"]
[Site "Germany"]
[Date "2020.02.09"]
[Round "8.8"]
[White "Bachmann, Volker"]
[Black "Mitscherling, Andreas"]
[Result "1/2-1/2"]
[WhiteElo "2118"]
[BlackElo "2195"]
[PlyCount "20"]
[EventDate "2019.10.19"]
[EventType "team-tourn"]
[EventRounds "9"]
[EventCountry "GER"]
[SourceTitle "CBM 194 Extra"]
[Source "ChessBase"]
[SourceDate "2020.03.31"]
[SourceVersion "1"]
[SourceVersionDate "2020.03.31"]
[SourceQuality "1"]
[WhiteTeam "Potsdam Empor"]
[BlackTeam "St Pauli"]
[WhiteTeamCountry "GER"]
[BlackTeamCountry "GER"]

1. d4 d5 2. c4 dxc4 3. Nf3 a6 4. a4 Nf6 5. e3 e6 6. Bxc4 c5 7. 0-0 Nc6 8. Nc3 Be7 9. dxc5 Qxd1 10. Rxd1 Bxc5 1/2-1/2

[Event "BL2-Nord 1920"]
[Site "Germany"]
[Date "2020.02.08"]
[Round "7.8"]
[White "Mitscherling, Andreas"]
[Black "Schoene, Maria"]
[Result "0-1"]
[WhiteElo "2195"]
[BlackElo "2152"]
[PlyCount "114"]
[EventDate "2019.10.19"]
[EventType "team-tourn"]
[EventRounds "9"]
[EventCountry "GER"]
[SourceTitle "CBM 194 Extra"]
[Source "ChessBase"]
[SourceDate "2020.03.31"]
[SourceVersion "1"]
[SourceVersionDate "2020.03.31"]
[SourceQuality "1"]
[WhiteTeam "St Pauli"]
[BlackTeam "Magdeburg"]
[WhiteTeamCountry "GER"]
[BlackTeamCountry "GER"]

1. d4 Nf6 2. Bf4 g6 3. e3 Bg7 4. Nf3 d6 5. h3 0-0 6. Be2 Nfd7 7. 0-0 e5 8. Bh2 Nc6 9. c3 f5 10. a4 Kh8 11. a5 a6 12. Nbd2 e4 13. Ne1 Nf6 14. b4 g5 15. Qb3 Ne7 16. f3 Ng6 17. fxe4 fxe4 18. Nc2 Qe7 19. d5 g4 20. hxg4 Bxg4 21. Rae1 Bxe2 22. Rxe2 Ng4 23. Bf4 Nxf4 24. exf4 Qh4 25. g3 Qxg3+ 26. Rg2 Qh3 27. c4 Qxb3 28. Nxb3 Nh6 29. Nbd4 Nf5 30. Ne6 Rf7 31. Re1 Nh4 32. Rxe4 Nxg2 33. Kxg2 Bf6 34. Ne3 Rg8+ 35. Kf3 h5 36. Nf5 Kh7 37. c5 h4 38. cxd6 cxd6 39. Rc4 Rd7 40. Rc2 h3 41. Rh2 Kg6 42. Ke4 Rh8 43. Rxh3 Rxh3 44. Nf8+ Kf7 45. Nxd7 Rb3 46. Nxf6 Kxf6 47. Nxd6 Rxb4+ 48. Kd3 Rxf4 49. Nxb7 Ke5 50. d6 Rb4 51. Nc5 Rd4+ 52. Kc3 Rxd6 53. Kb4 Kd5 54. Nb3 Rh6 55. Kc3 Rh4 56. Nd2 Kc5 57. Nb3+ Kb5 0-1

[Event "Hamburg-chT Landesliga 1920"]
[Site "Hamburg"]
[Date "2019.11.24"]
[Round "3.6"]
[White "Mitscherling, Andreas"]
[Black "Peters, Thomas"]
[Result "1-0"]
[WhiteElo "2191"]
[BlackElo "1806"]
[PlyCount "43"]
[EventDate "2019.09.29"]
[EventType "team-tourn"]
[EventRounds "9"]
[EventCountry "GER"]
[SourceTitle "EXT 2021"]
[Source "ChessBase"]
[SourceDate "2020.10.23"]
[SourceVersion "1"]
[SourceVersionDate "2020.10.23"]
[SourceQuality "1"]

1. d4 d5 2. Bf4 c6 3. Nf3 Nf6 4. Nbd2 Bf5 5. h3 h6 6. e3 Nbd7 7. c4 e6 8. Qb3 b6 9. cxd5 Nxd5 10. Bh2 Bb4 11. a3 Bxd2+ 12. Nxd2 N5f6 13. Ba6 0-0 14. Bb7 Ne4 15. Nf3 c5 16. Bxa8 Qxa8 17. 0-0 e5 18. Qb5 Qb7 19. Nxe5 Nxe5 20. Bxe5 a6 21. Qe2 c4 22. f3 1-0

[Event "Hamburg-chT Landesliga 1920"]
[Site "Hamburg"]
[Date "2019.09.29"]
[Round "1.6"]
[White "Wronn, Bernd"]
[Black "Mitscherling, Andreas"]
[Result "1-0"]
[WhiteElo "2149"]
[BlackElo "2185"]
[PlyCount "47"]
[EventDate "2019.09.29"]
[EventType "team-tourn"]
[EventRounds "9"]
[EventCountry "GER"]
[SourceTitle "EXT 2021"]
[Source "ChessBase"]
[SourceDate "2020.10.23"]
[SourceVersion "1"]
[SourceVersionDate "2020.10.23"]
[SourceQuality "1"]

1. Nf3 Nf6 2. c4 e6 3. g3 d5 4. Bg2 c5 5. cxd5 exd5 6. d4 Nc6 7. 0-0 Be7 8. Nc3 0-0 9. b3 Ne4 10. Bb2 Bf6 11. Na4 b5 12. Nxc5 Nxc5 13. Rc1 Nxb3 14. Qxb3 Na5 15. Qxb5 Be6 16. Bc3 Nc4 17. Ne5 Rc8 18. Bb4 Re8 19. Nxc4 dxc4 20. Bc6 Rb8 21. Qa4 Be7 22. Ba5 Qxd4 23. Bxe8 Bc5 24. Bc6 1-0

[Event "Oberliga Nord N 1819"]
[Site "Germany"]
[Date "2019.04.07"]
[Round "9.7"]
[White "Mitscherling, Andreas"]
[Black "Malkiel, Daniel E"]
[Result "1/2-1/2"]
[WhiteElo "2168"]
[BlackElo "2191"]
[PlyCount "28"]
[EventDate "2018.10.21"]
[EventType "team-tourn"]
[EventRounds "9"]
[EventCountry "GER"]
[SourceTitle "EXT 2020"]
[Source "ChessBase"]
[SourceDate "2019.10.17"]
[SourceVersion "1"]
[SourceVersionDate "2019.10.17"]
[SourceQuality "1"]
[WhiteTeam "St Pauli II"]
[BlackTeam "Hamburger SK III"]
[WhiteTeamCountry "GER"]
[BlackTeamCountry "GER"]

1. d4 e6 2. Bf4 d5 3. e3 Bd6 4. Bg3 Nf6 5. Nd2 0-0 6. Ngf3 b6 7. Bd3 Bb7 8. 0-0 Bxg3 9. hxg3 c5 10. c3 Nbd7 11. Qe2 Re8 12. Ne5 a6 13. Rad1 Nxe5 14. dxe5 Nd7 1/2-1/2

[Event "Oberliga Nord N 1819"]
[Site "Germany"]
[Date "2019.01.20"]
[Round "5.7"]
[White "Mitscherling, Andreas"]
[Black "Keyser, Robin"]
[Result "1/2-1/2"]
[WhiteElo "2168"]
[BlackElo "1999"]
[PlyCount "58"]
[EventDate "2018.10.21"]
[EventType "team-tourn"]
[EventRounds "9"]
[EventCountry "GER"]
[SourceTitle "EXT 2020"]
[Source "ChessBase"]
[SourceDate "2019.10.17"]
[SourceVersion "1"]
[SourceVersionDate "2019.10.17"]
[SourceQuality "1"]
[WhiteTeam "St Pauli II"]
[BlackTeam "Johanneum Eppendorf"]
[WhiteTeamCountry "GER"]
[BlackTeamCountry "GER"]

1. c4 g6 2. Nc3 Bg7 3. g3 d6 4. Bg2 e5 5. e4 c5 6. Nge2 Ne7 7. d3 Nbc6 8. Rb1 0-0 9. 0-0 Be6 10. Nd5 Qd7 11. a3 Bh3 12. b4 Bxg2 13. Kxg2 b6 14. f4 exf4 15. Nexf4 f5 16. Bb2 fxe4 17. dxe4 Nd4 18. b5 Rf7 19. h3 g5 20. Bxd4 Bxd4 21. Nd3 Rxf1 22. Qxf1 Qe6 23. Nxe7+ Qxe7 24. Qf5 Rf8 25. Qd5+ Kg7 26. Rf1 Re8 27. Re1 Qf6 28. Rf1 Qe7 29. Re1 Qf6 1/2-1/2

[Event "Oberliga Nord N 1819"]
[Site "Germany"]
[Date "2018.11.11"]
[Round "2.5"]
[White "Mitscherling, Andreas"]
[Black "Ritscher, Jan Paul"]
[Result "1/2-1/2"]
[WhiteElo "2168"]
[BlackElo "2240"]
[PlyCount "30"]
[EventDate "2018.10.21"]
[EventType "team-tourn"]
[EventRounds "9"]
[EventCountry "GER"]
[SourceTitle "EXT 2020"]
[Source "ChessBase"]
[SourceDate "2019.10.17"]
[SourceVersion "1"]
[SourceVersionDate "2019.10.17"]
[SourceQuality "1"]
[WhiteTeam "St Pauli II"]
[BlackTeam "Hamburg Schachfreunde"]
[WhiteTeamCountry "GER"]
[BlackTeamCountry "GER"]

1. e4 Nf6 2. Nc3 d5 3. exd5 Nxd5 4. Bc4 Nb6 5. Bb3 Nc6 6. Nf3 Bf5 7. d4 e6 8. 0-0 Be7 9. Re1 0-0 10. d5 exd5 11. Nxd5 Nxd5 12. Qxd5 Qxd5 13. Bxd5 Bf6 14. c3 Nd8 15. Be3 c6 1/2-1/2

[Event "BL2-Nord 1718"]
[Site "Germany"]
[Date "2018.02.25"]
[Round "7.8"]
[White "Brettschneider, Stefan"]
[Black "Mitscherling, Andreas"]
[Result "1-0"]
[WhiteElo "2260"]
[BlackElo "2175"]
[PlyCount "51"]
[EventDate "2017.10.08"]
[EventType "team-tourn"]
[EventRounds "9"]
[EventCountry "GER"]
[SourceTitle "CBM 183 Extra"]
[Source "ChessBase"]
[SourceDate "2018.04.19"]
[SourceVersion "1"]
[SourceVersionDate "2018.04.19"]
[SourceQuality "1"]
[WhiteTeam "Berlin SF II"]
[BlackTeam "St Pauli"]
[WhiteTeamCountry "GER"]
[BlackTeamCountry "GER"]

1. e4 e5 2. Bc4 Nf6 3. d3 Nc6 4. Nc3 h6 5. f4 Bc5 6. Nf3 d6 7. Na4 Bg4 8. Nxc5 dxc5 9. Bb5 exf4 10. Bxc6+ bxc6 11. Bxf4 c4 12. 0-0 cxd3 13. cxd3 0-0 14. Qc2 c5 15. Be3 Nd7 16. Bxc5 Nxc5 17. Qxc5 Rb8 18. Qc3 Qd6 19. d4 f6 20. b3 Rfe8 21. e5 fxe5 22. Nxe5 Be6 23. Rac1 Rb7 24. Rf4 Rf8 25. Rxf8+ Kxf8 26. Qf3+ 1-0

[Event "BL2-Nord 1718"]
[Site "Germany"]
[Date "2018.01.21"]
[Round "5.8"]
[White "Nguyen, Luu Truong"]
[Black "Mitscherling, Andreas"]
[Result "1/2-1/2"]
[WhiteElo "2136"]
[BlackElo "2175"]
[PlyCount "34"]
[EventDate "2017.10.08"]
[EventType "team-tourn"]
[EventRounds "9"]
[EventCountry "GER"]
[SourceTitle "CBM 183 Extra"]
[Source "ChessBase"]
[SourceDate "2018.04.19"]
[SourceVersion "1"]
[SourceVersionDate "2018.04.19"]
[SourceQuality "1"]
[WhiteTeam "Zehlendorf"]
[BlackTeam "St Pauli"]
[WhiteTeamCountry "GER"]
[BlackTeamCountry "GER"]

1. d4 d5 2. Nc3 e6 3. Nf3 Nf6 4. Bf4 Bd6 5. e3 0-0 6. Bd3 c5 7. 0-0 cxd4 8. Bxd6 Qxd6 9. exd4 Nc6 10. Re1 a6 11. Qd2 h6 12. a3 Bd7 13. Rad1 Rfe8 14. Bf1 Nh7 15. Re3 Ne7 16. Bd3 Nf5 17. Ree1 Nf6 1/2-1/2

[Event "Oberliga Nord N 1617"]
[Site "Germany"]
[Date "2016.12.04"]
[Round "3.6"]
[White "Mitscherling, Andreas"]
[Black "Hohlbein, Michael"]
[Result "0-1"]
[WhiteElo "2173"]
[BlackElo "2087"]
[PlyCount "64"]
[EventDate "2016.10.16"]
[EventType "team-tourn"]
[EventRounds "9"]
[EventCountry "GER"]
[SourceTitle "EXT 2018"]
[Source "ChessBase"]
[SourceDate "2017.10.13"]
[SourceVersion "1"]
[SourceVersionDate "2017.10.13"]
[SourceQuality "1"]
[WhiteTeam "St Pauli"]
[BlackTeam "Marmstorf"]
[WhiteTeamCountry "GER"]
[BlackTeamCountry "GER"]

1. d4 Nf6 2. Bf4 d6 3. Nf3 g6 4. h3 Bg7 5. e3 0-0 6. Be2 Nfd7 7. Nc3 e5 8. dxe5 dxe5 9. Bh2 Nc6 10. 0-0 f5 11. Nd5 g5 12. Bc4 Kh8 13. b4 g4 14. hxg4 fxg4 15. Nd2 Nf6 16. Nxf6 Qxf6 17. b5 Ne7 18. Rb1 Bf5 19. Bd3 Rad8 20. Qe2 Nd5 21. Rb3 Be6 22. Ne4 Qh6 23. Ra3 Nf4 24. exf4 exf4 25. Qd2 Bd5 26. Ra4 c5 27. Nxc5 Bxg2 28. Rxf4 Qh3 29. Rxf8+ Rxf8 30. Qg5 Bf3 31. Qxg7+ Kxg7 32. Ne6+ Kh6 0-1

[Event "Oberliga Nord N 1617"]
[Site "Germany"]
[Date "2016.10.16"]
[Round "1.7"]
[White "Jantzen, Hans Joerg"]
[Black "Mitscherling, Andreas"]
[Result "1/2-1/2"]
[WhiteElo "2165"]
[BlackElo "2173"]
[PlyCount "89"]
[EventDate "2016.10.16"]
[EventType "team-tourn"]
[EventRounds "9"]
[EventCountry "GER"]
[SourceTitle "EXT 2018"]
[Source "ChessBase"]
[SourceDate "2017.10.13"]
[SourceVersion "1"]
[SourceVersionDate "2017.10.13"]
[SourceQuality "1"]
[WhiteTeam "Hamburger SK"]
[BlackTeam "St Pauli"]
[WhiteTeamCountry "GER"]
[BlackTeamCountry "GER"]

1. Nf3 f5 2. c4 Nf6 3. g3 g6 4. b3 d6 5. Bb2 e5 6. Bg2 Bg7 7. 0-0 0-0 8. d3 Nc6 9. Nc3 Rb8 10. Ne1 Be6 11. Nc2 d5 12. e4 fxe4 13. dxe4 dxc4 14. Nd5 cxb3 15. axb3 Rf7 16. Qd3 a6 17. Rfd1 Rd7 18. Nce3 Qf8 19. Ba3 Qf7 20. Bc5 Rbd8 21. Qf1 Nd4 22. Bxd4 exd4 23. Nxf6+ Bxf6 24. Nc4 Bxc4 25. bxc4 d3 26. Ra4 Bd4 27. h4 c5 28. Rd2 b5 29. Rxa6 bxc4 30. Kh2 Bg7 31. Bh3 Rd6 32. Rxd6 Rxd6 33. Qb1 Bc3 34. e5 Bxe5 35. f4 Bc3 36. Rd1 Bb4 37. Qa2 c3 38. Qa8+ Qf8 39. Qe4 d2 40. Be6+ Rxe6 41. Qxe6+ Qf7 42. Qe4 Qf5 43. Qe7 Qf7 44. Qe4 Qf5 45. Qe7 1/2-1/2

[Event "Oberliga Nord N 1516"]
[Site "Germany"]
[Date "2016.01.17"]
[Round "5.8"]
[White "Lampe, Joerg"]
[Black "Mitscherling, Andreas"]
[Result "1/2-1/2"]
[WhiteElo "2165"]
[BlackElo "2215"]
[PlyCount "34"]
[EventDate "2015.09.20"]
[EventType "team-tourn"]
[EventRounds "9"]
[EventCountry "GER"]
[SourceTitle "CBM 170 Extra"]
[Source "ChessBase"]
[SourceDate "2016.02.25"]
[SourceVersion "1"]
[SourceVersionDate "2016.02.25"]
[SourceQuality "1"]
[WhiteTeam "Hamburg Koenigsspringer"]
[BlackTeam "St Pauli"]
[WhiteTeamCountry "GER"]
[BlackTeamCountry "GER"]

1. e4 e6 2. d4 d5 3. Nd2 dxe4 4. Nxe4 Nd7 5. Bd3 Ngf6 6. Nf3 Nxe4 7. Bxe4 Nf6 8. Bd3 c5 9. 0-0 cxd4 10. Nxd4 Bc5 11. Nb3 Bd6 12. Bg5 0-0 13. Qf3 h6 14. Bh4 Be5 15. Rad1 Qc7 16. Bg3 Bxg3 17. Qxg3 Qxg3 1/2-1/2

[Event "Copenhagen Challenge"]
[Site "Ballerup"]
[Date "2015.04.30"]
[Round "3"]
[White "Marinc, Damir"]
[Black "Mitscherling, Andreas"]
[Result "1-0"]
[WhiteElo "2059"]
[BlackElo "2210"]
[PlyCount "63"]
[EventDate "2015.04.29"]
[EventType "swiss"]
[EventRounds "9"]
[EventCountry "DEN"]
[SourceTitle "CBM 166 Extra"]
[Source "ChessBase"]
[SourceDate "2015.06.18"]
[SourceVersion "1"]
[SourceVersionDate "2015.06.18"]
[SourceQuality "1"]

1. d4 d6 2. e4 Nf6 3. Nc3 c6 4. f3 g6 5. Be3 Bg7 6. Qd2 e5 7. dxe5 dxe5 8. Qxd8+ Kxd8 9. 0-0-0+ Ke8 10. Bc4 Na6 11. Bxa6 bxa6 12. Na4 Nd7 13. Ne2 Kd8 14. Nc5 Kc7 15. Nxd7 Bxd7 16. Nc3 Rhb8 17. Na4 Bf8 18. Nc5 Bc8 19. a4 Be7 20. Rd3 Rb4 21. b3 f5 22. Rhd1 Rd4 23. Rxd4 Bxc5 24. R4d3 Ba3+ 25. Kb1 Be6 26. Bc1 Be7 27. Bb2 Bf6 28. exf5 Bxf5 29. Re3 Rb8 30. g4 Bd7 31. Bxe5+ Bxe5 32. Rxe5 1-0

[Event "Oberliga Nord N 1415"]
[Site "Germany"]
[Date "2015.02.22"]
[Round "7.6"]
[White "Harm, Joerg"]
[Black "Mitscherling, Andreas"]
[Result "0-1"]
[WhiteElo "2155"]
[BlackElo "2244"]
[PlyCount "76"]
[EventDate "2014.09.21"]
[EventType "team-tourn"]
[EventRounds "9"]
[EventCountry "GER"]
[SourceTitle "EXT 2016"]
[Source "ChessBase"]
[SourceDate "2015.10.08"]
[SourceVersion "1"]
[SourceVersionDate "2015.10.08"]
[SourceQuality "1"]
[WhiteTeam "Neumuenster Agon"]
[BlackTeam "Hamburg St Pauli"]
[WhiteTeamCountry "GER"]
[BlackTeamCountry "GER"]

1. e4 g6 2. d4 Bg7 3. Nc3 c6 4. Nf3 d6 5. Be2 Nf6 6. h3 0-0 7. 0-0 b5 8. a3 Nbd7 9. Be3 Bb7 10. e5 Ne8 11. Bf4 Nb6 12. Qc1 Nc7 13. Bh6 dxe5 14. Bxg7 Kxg7 15. dxe5 Ne6 16. Rd1 Qc7 17. Qe3 a6 18. Ng5 Nxg5 19. Qxg5 c5 20. Bf1 b4 21. axb4 cxb4 22. Na2 a5 23. c3 b3 24. Nc1 a4 25. Rd4 h6 26. Qg3 Rad8 27. Ne2 Ba6 28. Rh4 Bxe2 29. Bxe2 Rd5 30. Re4 Rd2 31. Rb1 Qc5 32. Bf1 Rfd8 33. Qf3 Qc6 34. Be2 Nd7 35. Qe3 Nf8 36. Rc4 Qd7 37. Bg4 Ne6 38. Qb6 Qd3 0-1

[Event "Oberliga Nord N 1415"]
[Site "Germany"]
[Date "2014.11.09"]
[Round "3.6"]
[White "Mitscherling, Andreas"]
[Black "Stephan, Axel"]
[Result "1/2-1/2"]
[WhiteElo "2244"]
[BlackElo "2242"]
[PlyCount "48"]
[EventDate "2014.09.21"]
[EventType "team-tourn"]
[EventRounds "9"]
[EventCountry "GER"]
[SourceTitle "EXT 2016"]
[Source "ChessBase"]
[SourceDate "2015.10.08"]
[SourceVersion "1"]
[SourceVersionDate "2015.10.08"]
[SourceQuality "1"]
[WhiteTeam "Hamburg St Pauli"]
[BlackTeam "Hamburg Diogenes"]
[WhiteTeamCountry "GER"]
[BlackTeamCountry "GER"]

1. d4 g6 2. c4 f5 3. g3 Nf6 4. Bg2 Bg7 5. Nh3 0-0 6. Nc3 d6 7. d5 c6 8. Nf4 e5 9. dxe6 Qe7 10. 0-0 g5 11. Nd3 h6 12. Re1 Bxe6 13. e4 Bxc4 14. exf5 Qd7 15. Bh3 g4 16. Bg2 Qxf5 17. Nf4 Na6 18. Re7 Nc5 19. Be3 Rf7 20. Rxf7 Bxf7 21. Qxd6 Bf8 22. Qd2 h5 23. Rd1 a5 24. b3 Qh7 1/2-1/2

[Event "Oberliga Nord N 1314"]
[Site "Germany"]
[Date "2014.02.09"]
[Round "6.4"]
[White "Schulenburg, Fabian"]
[Black "Mitscherling, Andreas"]
[Result "1/2-1/2"]
[WhiteElo "2210"]
[BlackElo "2253"]
[PlyCount "99"]
[EventDate "2013.10.13"]
[EventType "team-tourn"]
[EventRounds "9"]
[EventCountry "GER"]
[SourceTitle "EXT 2015"]
[Source "ChessBase"]
[SourceDate "2014.11.20"]
[SourceVersion "1"]
[SourceVersionDate "2014.11.20"]
[SourceQuality "1"]
[WhiteTeam "Hamburg Diogenes"]
[BlackTeam "St Pauli"]
[WhiteTeamCountry "GER"]
[BlackTeamCountry "GER"]

1. e4 Nf6 2. e5 Nd5 3. d4 d6 4. c4 Nb6 5. exd6 cxd6 6. Nc3 g6 7. b3 Bg7 8. g3 Nc6 9. Be3 e5 10. dxe5 Nxe5 11. Rc1 Bf5 12. Be2 0-0 13. f4 Nc6 14. Nf3 Re8 15. Qd2 d5 16. cxd5 Bxc3 17. Rxc3 Nxd5 18. Rxc6 bxc6 19. Bd4 Qe7 20. Kf2 c5 21. Ba1 Rad8 22. Bb5 Nf6 23. Qc1 Ne4+ 24. Kg2 Rf8 25. Re1 Qb7 26. Qb2 f6 27. Bc4+ Kg7 28. Kg1 Bg4 29. Ng5 Rd2 30. Nxe4 Rxb2 31. Bxb2 Bh3 32. Re2 Bf5 33. Nxc5 Qf3 34. Ne6+ Bxe6 35. Rxe6 h5 36. Be2 Qd5 37. Bc4 Qd1+ 38. Kg2 h4 39. a4 Rf7 40. Re8 Rf8 41. Re6 Qc2+ 42. Re2 Qb1 43. g4 h3+ 44. Kxh3 Qf1+ 45. Kg3 Qg1+ 46. Kf3 Kh6 47. h3 g5 48. f5 Qh1+ 49. Kg3 Qg1+ 50. Kf3 1/2-1/2

[Event "Oberliga Nord N 1314"]
[Site "Germany"]
[Date "2013.11.24"]
[Round "3.4"]
[White "Jahncke, Giso"]
[Black "Mitscherling, Andreas"]
[Result "1-0"]
[WhiteElo "2239"]
[BlackElo "2253"]
[PlyCount "89"]
[EventDate "2013.10.13"]
[EventType "team-tourn"]
[EventRounds "9"]
[EventCountry "GER"]
[SourceTitle "EXT 2015"]
[Source "ChessBase"]
[SourceDate "2014.11.20"]
[SourceVersion "1"]
[SourceVersionDate "2014.11.20"]
[SourceQuality "1"]
[WhiteTeam "Preetz"]
[BlackTeam "St Pauli"]
[WhiteTeamCountry "GER"]
[BlackTeamCountry "GER"]

1. c4 e6 2. g3 d5 3. Bg2 Nf6 4. Nf3 c6 5. b3 Nbd7 6. d4 Qa5+ 7. Bd2 Bb4 8. 0-0 Bxd2 9. Nbxd2 0-0 10. Qc2 Re8 11. e4 dxe4 12. Nxe4 Nxe4 13. Qxe4 Nf6 14. Qe5 Qb6 15. Rfd1 a5 16. c5 Qd8 17. Nd2 Ng4 18. Qf4 e5 19. dxe5 Qe7 20. Nc4 Qxc5 21. Nd6 Be6 22. Nxe8 Rxe8 23. Re1 h5 24. h3 Nh6 25. Kh2 Nf5 26. Be4 Nd4 27. Rac1 Qa3 28. Rcd1 c5 29. Rd2 b5 30. Qg5 g6 31. Kg2 a4 32. Bxg6 fxg6 33. Qxg6+ Kf8 34. Qf6+ Kg8 35. Qg6+ Kf8 36. Re4 Ke7 37. Rdxd4 cxd4 38. Rxd4 Kf8 39. Qf6+ Kg8 40. Qg6+ Kf8 41. Qh6+ Kg8 42. Qxh5 Qe7 43. Qg6+ Kh8 44. Rh4+ Qxh4 45. Qxe8+ 1-0

[Event "Hamburg-chT Landesliga 1213"]
[Site "Hamburg"]
[Date "2013.04.14"]
[Round "9.4"]
[White "Mitscherling, Andreas"]
[Black "Baldauf, Bastian"]
[Result "1/2-1/2"]
[WhiteElo "2255"]
[BlackElo "2153"]
[PlyCount "35"]
[EventDate "2012.10.14"]
[EventType "team-tourn"]
[EventRounds "9"]
[EventCountry "GER"]
[SourceTitle "EXT 2022"]
[Source "ChessBase"]
[SourceDate "2021.10.06"]
[SourceVersion "1"]
[SourceVersionDate "2021.10.06"]
[SourceQuality "1"]
[WhiteTeam "St Pauli"]
[BlackTeam "Grosshansdorf"]
[WhiteTeamCountry "GER"]
[BlackTeamCountry "GER"]

1. c4 e6 2. g3 Nf6 3. Bg2 d5 4. Nf3 dxc4 5. Na3 Bxa3 6. bxa3 Nbd7 7. Qa4 0-0 8. Qxc4 c5 9. 0-0 Rb8 10. Rb1 b6 11. d3 Bb7 12. Bf4 Rc8 13. e4 Nb8 14. Rfd1 Qe7 15. Qa4 Bc6 16. Qc4 Bb7 17. Qa4 Bc6 18. Qc4 1/2-1/2